书目信息 |
| 题名: |
地震活动场理论及异常分析方法
|
|
| 作者: | 杨明芝 , 马禾青 著 | |
| 分册: | ||
| 出版信息: | 北京 地震出版社 2016.12 |
|
| 页数: | 237页 | |
| 开本: | 26cm | |
| 丛书名: | ||
| 单 册: | ||
| 中图分类: | P315.5 | |
| 科图分类: | ||
| 主题词: | 地震活动性--分析方法--中国 | |
| 电子资源: | ||
| ISBN: | 978-7-5028-4767-8 | |
| 000 | 00884nam0 2200229 450 | |
| 001 | 163 | |
| 005 | 20180921100845.28 | |
| 010 | @a978-7-5028-4767-8@dCNY68.00 | |
| 100 | @a20171018d2016 em y0chiy50 ea | |
| 101 | 0 | @achi |
| 102 | @aCN@b110000 | |
| 105 | @ay z 000yy | |
| 200 | 1 | @a地震活动场理论及异常分析方法@9di zhen huo dong chang li lun ji yi chang fen xi fang fa@f杨明芝,马禾青著 |
| 210 | @a北京@c地震出版社@d2016.12 | |
| 215 | @a237页@d26cm | |
| 330 | @a本书介绍地震活动场理论及异常分析方法,内容包括:地震能量场及自然正交函数展开、能量场时间因子的异常分析、地震频次场、典型场分析、沿断裂带的能量场和频次场、环形带地震活动场方法、地震活动的非线性分析等。 | |
| 606 | 0 | @a地震活动性@x分析方法@y中国 |
| 690 | @aP315.5@v5 | |
| 701 | 0 | @a杨明芝@9yang ming zhi@4著 |
| 701 | 0 | @a马禾青@9ma he qing@c(女)@4著 |
| 801 | 0 | @aCN@b91MARC@c20171018 |
| 905 | @aMuseLib@dP315.5@e121 | |
| 地震活动场理论及异常分析方法/杨明芝,马禾青著.-北京:地震出版社,2016.12 |
| 237页;26cm |
| ISBN 978-7-5028-4767-8:CNY68.00 |
| 本书介绍地震活动场理论及异常分析方法,内容包括:地震能量场及自然正交函数展开、能量场时间因子的异常分析、地震频次场、典型场分析、沿断裂带的能量场和频次场、环形带地震活动场方法、地震活动的非线性分析等。 |
| ● |
| 相关链接 |
|
|
|
|
正题名:地震活动场理论及异常分析方法
索取号:P315.5/121
 
预约/预借
| 序号 | 登录号 | 条形码 | 馆藏地/架位号 | 状态 | 备注 |
| 1 | 1118549 | 211185493 | 第二样本阅览室/ [索取号:P315.5/121] | 在馆 | |
| 2 | 1118550 | 211185509 | 第三借阅区/ [索取号:P315.5/121] | 在馆 | |
| 3 | 1118551 | 211185518 | 第三借阅区/ [索取号:P315.5/121] | 在馆 | |
| 4 | 1118552 | 211185527 | 第三借阅区/ [索取号:P315.5/121] | 在馆 | |
| 5 | 1118553 | 211185536 | 第三借阅区/ [索取号:P315.5/121] | 在馆 |